Boissons alcoolisées régionales en France - Statistiques

Statistiques générales
  • Ce quiz a été pris 4 454 fois
  • Le résultat moyen est 6 sur 13
Réponses sur la Carte
Les réponses sont colorées sur une échelle allant du rouge au vert en fonction du pourcentage des utilisateurs qui les ont devinées à leur premier essai. Vous pouvez retrouver ces pourcentages ci-dessous.
 
Statistiques - réponses
Réponse % Correct
Bordeaux
82%
Pastis
81%
Cidre
71%
Cap Corse Mattei
68%
Calvados
62%
Champagne
61%
Génépi
48%
Armagnac
28%
Chablis
26%
Muscadet
26%
Grand Marnier
24%
Vouvray
17%
Genièvre
15%
Aucun quiz correspondant
Distribution des résultats
% des personnes avec chaque résultat
Percentile par nombre de réponses
Votre historique - résultats
Vous n’avez pas pris ce quiz